| 000 | 00562nam a22001817a 4500 | ||
|---|---|---|---|
| 005 | 20251108165857.0 | ||
| 008 | 250721s2002 xx 000 0 ara d | ||
| 082 | 1 | 4 | _aم/211.81/كثي |
| 100 | 1 |
_aإبن كثير القرشي، عماد الدين أبو الفدا _eمؤلف |
|
| 245 | 1 | 0 | _aقصص الأنبياء / |
| 250 | _aط3. | ||
| 264 | 1 |
_aالقاهرة : _bدار المختار للنشر و التوزيع، _c2002. |
|
| 300 | _a543ص. | ||
| 650 | 1 | 7 | _aالأنبياء |
| 650 | 1 | 7 | _aقصص القرآن |
| 942 |
_2ddc _cREF |
||
| 999 |
_c33667 _d33667 |
||